Structural pattern recogration /

Gespeichert in:
Bibliographische Detailangaben
1. Verfasser: Pavlidis, Theodosios (VerfasserIn)
Format: Buch
Sprache:Tschechisch
Veröffentlicht: Berlin : Springer, 1977
Schriftenreihe:rz1
Online-Zugang: Volltext
Tags: Tag hinzufügen
Keine Tags, Fügen Sie den ersten Tag hinzu!

MARC

LEADER 00000cam a2200000 4500
003 SK-BrCVT
005 20220618090059.0
008 091002s1977 cs e ||||||cze d
035 |a CVTIDWR017256 
040 |a    |b slo  |c    |d   
041 0 |a cze 
044 |a cs 
100 |a Pavlidis, Theodosios  |4 aut 
245 1 0 |a Structural pattern recogration /  |c Theodosios Pavlidis 
260 3 |a Berlin :  |b Springer,  |c 1977 
300 |a 12, 302 s. 
830 |a rz1 
974 |f Knihy 
999 |c 211777  |d 211777